000 01393cam a2200133 4500500
005 20260405011442.0
041 _afre
042 _adc
100 1 0 _aCels Saint-Hilaire, Janine
_eauthor
245 0 0 _aLa République romaine : 133-44 av. J.-C.
260 _bArmand Colin,
_c2020.
520 _aLa période qui s'ouvre avec le tribunat de la plèbe de T. Gracchus en 133 a.C. et se ferme avec la mort de Jules César en 44 a.C. est caractérisée par d'intenses transformations dans tous les domaines : politique, économique, social, culturel ou idéologique. Elle marque également la fin de la République romaine. L'ouvrage peint ce moment charnière de l'histoire de Rome, quand disparaît un système où s’était affirmée l'autorité du Sénat et du Peuple romain sur la plus grande partie des pays méditerranéens. Après avoir conquis le monde, garanti la paix et la prospérité, la République est affaiblie par des luttes internes et les difficultés rencontrées par le peuple. Elle voit grandir le rôle des chefs militaires et, au début du Ier siècle, les imperatores s'affrontent en des combats qui offriront au vainqueur, César, un pouvoir toujours plus grand, vidant de leur sens les institutions républicaines et laissant la place au Principat.
856 4 1 _uhttps://shs.cairn.info/la-republique-romaine--9782200626891?lang=fr&redirect-ssocas=7080
999 _c2094906
_d2094906